भाषा : (Record no. 111991)

MARC details
000 -LEADER
fixed length control field 01357nam a22002657a 4500
005 - DATE AND TIME OF LATEST TRANSACTION
control field 20170124102932.0
010 ## - LIBRARY OF CONGRESS CONTROL NUMBER
LC control number B-023580
020 ## - INTERNATIONAL STANDARD BOOK NUMBER
Terms of availability 140.00
International Standard Book Number 817329092
035 ## - SYSTEM CONTROL NUMBER
System control number B-023580
037 ## - SOURCE OF ACQUISITION
Source of stock number/acquisition Cen Lib/Ret
040 ## - CATALOGING SOURCE
Original cataloging agency DPL
Language of cataloging HN
082 ## - DEWEY DECIMAL CLASSIFICATION NUMBER
Classification number 420
Item number भाषाब
245 ## - TITLE STATEMENT
Title भाषा :
Statement of responsibility, etc संपादक प्रवण कुमार वंद्योपाध्याय [एवं] रामाकांत अग्निहोत्री
Remainder of title बहुभाषिता और हिन्दी /
246 ## - VARYING FORM OF TITLE
Title proper/short title Bhasha : bahubhashit aur hindi /
Remainder of title edited by Pravan Kumar Vandyopadhyay [and] Ramakant Agnihotri
260 ## - PUBLICATION, DISTRIBUTION, ETC. (IMPRINT)
Name of publisher, distributor, etc शिलालेख
Place of publication, distribution, etc दिल्ली
Date of publication, distribution, etc 2000
270 ## - ADDRESS
Address 4/32, सुभाष गली, विश्वास नगर, शाहदरा
City दिल्ली
Postal code 110032
300 ## - PHYSICAL DESCRIPTION
Extent 152पृ.
Dimensions 20सेमी (सजिल्द)
650 ## - SUBJECT ADDED ENTRY--TOPICAL TERM
Topical term or geographic name as entry element भारतीय -- भाषाएँ
9 (RLIN) 45381
650 ## - SUBJECT ADDED ENTRY--TOPICAL TERM
Topical term or geographic name as entry element राजभाषा -- हिंदी
9 (RLIN) 45382
650 ## - SUBJECT ADDED ENTRY--TOPICAL TERM
Topical term or geographic name as entry element Indian - Languages
9 (RLIN) 44430
650 ## - SUBJECT ADDED ENTRY--TOPICAL TERM
Topical term or geographic name as entry element Official Languages - Hindi
9 (RLIN) 45383
700 ## - ADDED ENTRY--PERSONAL NAME
Personal name अग्निहोत्री, रामाकांत
9 (RLIN) 45384
700 ## - ADDED ENTRY--PERSONAL NAME
Personal name वंद्योपाध्याय, प्रवण कुमार
9 (RLIN) 45385
942 ## - ADDED ENTRY ELEMENTS (KOHA)
Source of classification or shelving scheme Dewey Decimal Classification
Koha item type Hindi Books
Classification part 420
Call number suffix भाषाब
Holdings
Withdrawn status Lost status Damaged status Not for loan Home library Current library Date acquired Source of acquisition Cost, normal purchase price Total Checkouts Total Renewals Full call number Barcode Date last seen Date checked out Copy number Cost, replacement price Price effective from Koha item type
        Central Library Central Library 06/08/2015 Cen Lib/Ret 140.00 1 2 420 भाषाब B-023580 01/03/2020 19/01/2020 1 140.00 06/08/2015 Hindi Books

© Delhi Public Library
Hit Counter
free hit counter